Apostolstwo Serca Jezusowego : (Rekord nr 27481)
| 000 -Nagłówek | |
|---|---|
| fixed length control field | 02261cas a22004931i 4500 |
| 001 - Nr kontrolny bibl., która utworzyła rek. | |
| control field | zz2006960506 |
| 003 - Siglum bibl., której nr kontr. jest w 001 | |
| control field | NUKAT |
| 005 - Data i czas ostatniej operacji | |
| control field | 20260408190637.0 |
| 008 - Elementy pola stałej długości | |
| fixed length control field | 060103d18731879pl mr|p| | |0 |0pol c |
| 035 ## - Systemowy numer kontrolny | |
| systemowy numer kontrolny | (OCoLC)69302898 |
| 035 ## - Systemowy numer kontrolny | |
| systemowy numer kontrolny | (NUKAT)zz2006960506 |
| 040 ## - Instytucja sporządzająca opis | |
| Instytucja, która sporządziła opis | LUBL KUL/KG |
| Instytucja, która sporządziła rekord | LUBL KUL/KG |
| Instytucja, która zmodyfikowała rekord | LUBL KUL/KGs |
| -- | WA 732/AR |
| 245 00 - Tytuł właściwy i oznaczenie odpow. | |
| tytuł | Apostolstwo Serca Jezusowego : |
| dodatek do tytułu | związek katolicki dla tryumfu Kościoła Ś. i zbawienia dusz ludzkich. |
| 246 15 - Inne formy tytułu, wariant tytułu | |
| tytuł | Zbiór Intencyi Miesięcznych Apostolstwa Serca Jezusowego |
| 260 ## - Adres wydawniczy | |
| miejsce wydania, dystrybucji itp. | Kraków : |
| nazwa wydawcy, dystrybutora itp. | nakł. ks. Michał Mycielski, |
| data wydania, dystrybucji itp. | 1873-1879 |
| miejsce druku | (Kraków : |
| nazwa drukarni | Druk W. Korneckiego). |
| 300 ## - Opis fizyczny | |
| format | 15 cm. |
| 310 ## - Aktualna częstotliwość | |
| częstotliwość | Mies. |
| 336 ## - Content Type | |
| Term | Tekst |
| Code | txt |
| Source | rdacontent |
| 337 ## - Media Type | |
| Term | Bez urządzenia pośredniczącego |
| Code | n |
| Source | rdamedia |
| 338 ## - Carrier Type | |
| Term | Wolumin |
| Code | nc |
| Source | rdacarrier |
| 362 0# - Daty publikacji i/lub oznaczenie numeracji | |
| daty publ. i i/lub kol. oznacz. | 1873 [nr 1]-1879 [nr 12]. |
| 380 ## - Form of work | |
| Form of work | Czasopisma |
| 500 ## - Uwaga ogólna | |
| uwaga ogólna | Opis na podst. Centralnego Katalogu Czasopism Polskich BN i 1874 (sierp.). |
| 500 ## - Uwaga ogólna | |
| uwaga ogólna | Od r. 1878 dodatkowy podtyt.: intencya miesięczna. |
| 500 ## - Uwaga ogólna | |
| uwaga ogólna | W 1876 podtytuł: związek katolicki dla tryumfu Kościoła Św. i zbawienia dusz ludzkich. |
| 500 ## - Uwaga ogólna | |
| uwaga ogólna | Maj 1879 tyt. okł.: Intencya Apostolstwa na Maj zarazem Pamiątka 800-letniej Rocznicy męczeństwa św. Stanisława Biskupa. |
| 515 ## - Uwaga o odstępstwach dot. numeracji | |
| odstępstwa w numeracji | Paginacja ciągła w obrębie roku ; Brak numeracji mies. |
| 610 27 - Hasło przedmiotowe-nazwa ciała zbior. | |
| nazwa ciała zbior. lub geogr. | Apostolstwo Modlitwy |
| określnik formy | czasopisma. |
| źródło hasła | kaba |
| 9 (RLIN) | 39686 |
| 650 #7 - Hasło przedmiotowe-nazwa pospolita | |
| nazwa pospolita lub geogr. | Duchowość katolicka |
| źródło hasła | DBN |
| 9 (RLIN) | 37278 |
| 650 #7 - Hasło przedmiotowe-nazwa pospolita | |
| nazwa pospolita lub geogr. | Kult |
| źródło hasła | DBN |
| 9 (RLIN) | 39604 |
| 650 #7 - Hasło przedmiotowe-nazwa pospolita | |
| nazwa pospolita lub geogr. | Serce Jezusa |
| źródło hasła | DBN |
| 9 (RLIN) | 39605 |
| 650 #7 - Hasło przedmiotowe-nazwa pospolita | |
| nazwa pospolita lub geogr. | Najświętsze Serce Jezusa |
| określnik rzeczowy | kult |
| określnik formy | czasopisma. |
| źródło hasła | kaba |
| 9 (RLIN) | 39685 |
| 655 #7 - Termin określający rodzaj/formę | |
| rodzaj/forma | Czasopismo katolickie |
| źródło terminu | DBN |
| 9 (RLIN) | 36110 |
| 655 #7 - Termin określający rodzaj/formę | |
| rodzaj/forma | Czasopismo polskie |
| źródło terminu | DBN |
| 9 (RLIN) | 36111 |
| 658 ## - Nazwa określająca cel programu nauczania | |
| główny cel programu nauczania | Religia i duchowość |
| 700 1# - Hasło dodatkowe - nazwa osobowa | |
| nazwa osobowa | Mycielski, Michał |
| daty biograficzne | (1826-1906). |
| rodzaj współpracy | Wyd. |
| 9 (RLIN) | 38982 |
| 710 2# - Hasło dodatkowe - nazwa ciała zbior. | |
| nazwa ciała zbior. lub nazwa geogr. | Apostolstwo Modlitwy. |
| 9 (RLIN) | 39684 |
| 780 00 - Hasło dla poprzedniej wersji | |
| tytuł z rek. związanego | Apostolstwo Serca Jezusowego czyli Związek Katolicki dla Triumfu Kościoła i Dusz Zbawienia |
| Related parts | 1872 |
| nr kontr. rek. związ. | (NUKAT)zz2006960505 |
| 785 00 - Hasło dla kontynuacji | |
| tytuł z rek. związanego | Intencya Miesięczna czyli Posłaniec Apostolstwa Serca Jezusowego |
| Related parts | 1880-1903 |
| nr kontr. rek. związ. | (NUKAT)df2001002840 |
| 787 0# - Inny rodzaj relacji | |
| tytuł z rek. związanego | Nabożeństwo do Świętego Józefa |
| ISSN z rek. związanego | xx005917642 |
| 942 ## - ADDED ENTRY ELEMENTS (KOHA) | |
| Source of classification or shelving scheme | Dewey Decimal Classification |
| Koha item type | pozycje dostępne na miejscu |
| Withdrawn status | Lost status | Source of classification or shelving scheme | Damaged status | Not for loan | Collection code | Home library | Current library | Date acquired | Source of acquisition | Serial Enumeration / chronology | Inventory number | Total Checkouts | Full call number | Barcode | Date last seen | Price effective from | Koha item type | Public note |
|---|---|---|---|---|---|---|---|---|---|---|---|---|---|---|---|---|---|---|
| Dewey Decimal Classification | nieuszkodzona | Pracownia Badań Księgozbiorów Historycznych | Biblioteka Instytutu Północnego w Olsztynie | Pracownia Badań Księgozbiorów Historycznych | 08/04/2026 | K-55/1970 | styczeń 1879 | 14267 | 14267 | IPWK22112 | 08/04/2026 | 08/04/2026 | pozycje dostępne na miejscu | współoprawny z 14266 |